000 01019nam a22001817a 4500
008 231219s2022 xxk|||||o|||| 00| 0 eng d
041 _aeng
110 _aRoyal Institution of Chartered Surveyors
245 _aRules for the Registration of Schemes
_bVersion 6
_h[Electronic resource]
260 _aLondon,
_bRoyal Institution of Chartered Surveyors,
_ceffective from 2 February 2022
490 _aRICS Regulation
500 _aSupersedes version 4 that was effected from 2 March 2020 to 1 February 2022
520 _aThese Rules are made by the Standards and Regulation Board in accordance with powers provided by the Regulation 7.2.4. They set out: a) the procedure for registration, deregistration and appeal and; b) the obligations of registration
651 _aUnited Kingdom
710 _aRoyal Institution of Chartered Surveyors
856 _uhttps://www.rics.org/content/dam/ricsglobal/documents/regulation/rules_for_the_registration_of_schemes_version_6.pdf
_zAvailable free on RICS.org
942 _n0
999 _c121733
_d121733